[Event "31st Guernsey Open"]
[Site "Cobo Bay GCI"]
[Date "2005.10.22"]
[Round "7"]
[White "Collier,D"]
[Black "Cummins,J"]
[Result "1-0"]
[WhiteElo "2122"]
[BlackElo "1921"]

1.d4 Nf6 2.Bg5 e6 3.Nd2 Be7 4.e4 d6 5.Ngf3 Nbd7 6.Bd3 c5 7.c3 a6 8.a4 b6
9.O-O Bb7 10.Qe2 e5 11.Rfd1 Qc7 12.Rac1 O-O 13.Nf1 Rfe8 14.Ng3 g6 15.h4 h5
16.dxe5 dxe5 17.Bc4 Nh7 18.Rxd7 Qxd7 19.Bxf7+ Kg7 20.Bxe8 Rxe8 21.Rd1 Qxa4
22.Bxe7 Rxe7 23.Qd2 Nf6 24.Qd8 Rd7 25.Rxd7+ Qxd7 26.Qxb6 Bxe4 27.Nxe4 Qd1+
28.Kh2 Ng4+ 29.Kg3 Qc1 30.Qc7+ Kh6 31.Qf7 Qh1  1-0

[Event "zt 3.3"]
[Site "Beijing CHN"]
[Date "2005.10.24"]
[Round "8"]
[White "Zhou Weiqi"]
[Black "Wang Hao"]
[Result "0-1"]
[WhiteElo "2416"]
[BlackElo "2519"]

1.d4 Nf6 2.Bg5 e6 3.Nf3 h6 4.Bh4 b6 5.Nbd2 Bb7 6.e3 c5 7.Bd3 Be7 8.O-O O-O
9.c3 d6 10.Qe2 Nbd7 11.Ba6 Bxa6 12.Qxa6 d5 13.a4 Qc8 14.Qe2 Re8 15.Bg3 Qb7
16.Rfe1 a6 17.e4 cxd4 18.Nxd4 Nc5 19.e5 Nfe4 20.Bf4 Qd7 21.Qg4 Kh7 22.Nxe4 Nxe4
23.Re3 b5 24.Rh3 bxa4 25.f3 Nc5 26.Rg3 Rg8 27.Rd1 Rab8 28.Bc1 Qe8 29.Ne2 a3
30.bxa3 Qa4 31.Rd4 Qc2 32.Rd2 Qb1 33.Rd1 Nd3 34.Qh5 Rb2 35.Qxf7 Rxe2 36.Qg6+ Kh8
37.h3 Qb6+ 38.Kh2 Nxc1 39.Rxc1 Qe3  0-1

[Event "Autumn Open"]
[Site "St Petersburg RUS"]
[Date "2005.10.29"]
[Round "1"]
[White "Abramov,Valen"]
[Black "Ljubivyi,A"]
[Result "1/2-1/2"]
[WhiteElo "2338"]
[BlackElo "2062"]

1.d4 Nf6 2.Bg5 e6 3.e4 h6 4.Bxf6 Qxf6 5.Nf3 g6 6.Bd3 Bg7 7.Nc3 d6 8.O-O O-O
9.Re1 e5 10.dxe5 dxe5 11.Nd5 Qd8 12.Qe2 c6 13.Ne3 Be6 14.Rad1 Nd7 15.Bc4 Qe7
16.Bxe6 Qxe6 17.Nc4 Nb6 18.Nxb6 axb6 19.a3 Rad8 20.Rd3 Rxd3 21.Qxd3 Qe7 22.Rd1 Bf6
23.c3 Qc5 24.b4 Qe7 25.c4 Qe6 26.Qc3 Qe7 27.Qe3 Rd8 28.Rxd8+ Qxd8 29.g3 Kg7
30.Kg2 Bg5 31.Qc3 Bf6 32.h4 Qd6 33.Qe3 Qd8 34.Ne1 h5 35.Nd3 Kh7 36.Nb2 Qa8
37.Kf1 Bg7 38.Ke2 Bh6 39.Qd3 Bc1 40.Qc3 Bxb2 41.Qxb2 f6 42.c5 bxc5 43.bxc5 Qa6+
44.Ke3 Kg7 45.Qb3 Qa7 46.Qb4 Qa6 47.a4 Kh6 48.a5 Qf1 49.Qd2 Kg7 50.Qb4 Kh6
51.Kf3 g5 52.hxg5+ Kxg5 53.Qd2+ Kg6 54.Qc3 Kg5 55.Qe3+ Kg6 56.Qd2 Kg7 57.Qd7+ Kh6
58.Qf5 Kg7 59.Qd7+ Kh6 60.Qf5 Kg7 61.Ke3 Qe1+ 62.Kf3 Qf1  1/2-1/2

[Event "25th An FMA"]
[Site "Madrid ESP"]
[Date "2005.10.30"]
[Round "2"]
[White "Cruz,A BOL"]
[Black "Gallardo Garcia,A"]
[Result "1/2-1/2"]
[WhiteElo "2306"]
[BlackElo "2360"]

1.d4 Nf6 2.Bg5 e6 3.e4 h6 4.Bxf6 Qxf6 5.Nf3 d6 6.Nc3 Qe7 7.Bd3 g6 8.O-O Bg7
9.Re1 O-O 10.h3 Nd7 11.Ne2 c5 12.c3 e5 13.dxe5 dxe5 14.Ng3 Rd8 15.Nf1 Nf6
16.Qc2 Nh5 17.Ne3 Nf4 18.Bc4 Be6 19.Bxe6 Qxe6 20.c4  1/2-1/2

[Event "FSIMB November"]
[Site "Budapest HUN"]
[Date "2005.11.07"]
[Round "3"]
[White "Werner,Di"]
[Black "Murzin,L"]
[Result "1-0"]
[WhiteElo "2376"]
[BlackElo "2206"]

1.d4 Nf6 2.Bg5 e6 3.Nd2 c5 4.e3 Be7 5.c3 b6 6.Ngf3 Bb7 7.Bd3 cxd4 8.cxd4 Nd5
9.Bxe7 Qxe7 10.a3 O-O 11.O-O d6 12.Re1 Nd7 13.e4 Nf4 14.Bf1 Rac8 15.a4 a5
16.g3 Ng6 17.Qb3 Rb8 18.Bb5 Rfc8 19.Rac1 Ngf8 20.Qa3 e5 21.Nc4 exd4 22.Qxd6 Qxd6
23.Nxd6 Rxc1 24.Rxc1 Nc5 25.Nxb7 Rxb7 26.Nxd4 Re7 27.f3 g6 28.Rd1 Nfe6 29.Nc6 Rc7
30.Kf2 Kf8 31.Ke3 Rd7 32.Rxd7 Nxd7 33.Nxa5 bxa5 34.Bxd7 Nc5 35.Bb5 Ke7 36.Kd4 Nb3+
37.Kd5 Kd8 38.f4 Kc7 39.e5 h5 40.Be8  1-0

[Event "FSGM November"]
[Site "Budapest HUN"]
[Date "2005.11.08"]
[Round "4"]
[White "Slavina,I"]
[Black "Berczes,D"]
[Result "0-1"]
[WhiteElo "2385"]
[BlackElo "2475"]

1.d4 Nf6 2.Bg5 e6 3.Nf3 c5 4.e3 Be7 5.Nbd2 cxd4 6.exd4 b6 7.c3 Bb7 8.Bd3 Nc6
9.O-O Nd5 10.Bxe7 Ncxe7 11.Re1 O-O 12.g3 a6 13.a3 Nf6 14.Qe2 d6 15.Ne4 Nxe4
16.Bxe4 Bxe4 17.Qxe4 h6 18.a4 Qc8 19.Qe2 Qb7 20.Nd2 b5 21.Ne4 Qd5 22.Nd2 Qc6
23.Rec1 Rfb8 24.b3 Nf5 25.Qd3 Qd5 26.b4 h5 27.h3 Rc8 28.Qe4 Ne7 29.Qxd5 Nxd5
30.Ne4 bxa4 31.c4 Nxb4 32.Nxd6 Rd8 33.c5 Nc6 34.Rxa4 a5 35.Rd1 h4 36.d5 exd5
37.Rxd5 hxg3 38.fxg3 Rab8 39.Rh4 g6 40.Rd2 Rd7 41.Re4 Rb1+ 42.Kg2 Rc1 43.Re8+ Kh7
44.Rf2 f5 45.g4 Rxc5 46.Re6 Nd4 47.Rf6 Rc6 48.Ne8 Rd8 49.Rf8 Rcc8 50.Rd2 Rxe8
51.Rxe8 Rxe8 52.Rxd4 fxg4 53.hxg4 Ra8 54.Ra4 Kh6 55.Kg3 Kg5 56.Kf3 Ra7 57.Kg3 Kf6
58.Kf4 Ra8 59.Ke4 Re8+ 60.Kf4 Re5 61.Rc4 g5+ 62.Kf3 Rb5 63.Ra4 Ke5 64.Re4+ Kd5
65.Re8 Kd4  0-1

[Event "1st GM"]
[Site "Scanno ITA"]
[Date "2005.11.08"]
[Round "2"]
[White "Franchini,G"]
[Black "Fogarasi,T"]
[Result "0-1"]
[WhiteElo "2315"]
[BlackElo "2482"]

1.d4 Nf6 2.Bg5 e6 3.e4 h6 4.Bxf6 Qxf6 5.Nc3 Bb4 6.Ne2 d6 7.Qd2 e5 8.a3 Bxc3
9.Nxc3 exd4 10.Nd5 Qd8 11.Qxd4 O-O 12.O-O-O Nc6 13.Qc3 Be6 14.f4 Bxd5 15.exd5 Ne7
16.g3 Re8 17.Bh3 c6 18.dxc6 bxc6 19.Rhe1 Qc7 20.Bg2 Rac8 21.Re3 Red8 22.Rde1 Ng6
23.Bh3 Rb8 24.Bf5 Nf8 25.Re7 Qb6 26.b3 a5 27.Qe3 c5 28.a4 d5 29.Bd3 Ne6 30.f5 Nd4
31.f6 Rf8 32.fxg7 Kxg7 33.Qe5+ Qf6 34.Qxf6+ Kxf6 35.Ra7 Kg7 36.Re5 Rb4  0-1

[Event "WJun"]
[Site "Instanbul TUR"]
[Date "2005.11.11"]
[Round "3"]
[White "Zeynalov,F"]
[Black "Jojua,D"]
[Result "1/2-1/2"]
[WhiteElo "2179"]
[BlackElo "2337"]

1.d4 Nf6 2.Bg5 e6 3.e4 h6 4.Bxf6 Qxf6 5.Nc3 d6 6.Qd2 g6 7.f4 Bg7 8.Nb5 Qe7
9.c3 a6 10.Na3 e5 11.O-O-O exd4 12.cxd4 O-O 13.Re1 b5 14.Nf3 Bb7 15.Bd3 c5
16.g4 Nd7 17.h4 Rfc8 18.h5 c4 19.Bc2 c3  1/2-1/2

[Event "TCh-HUN 2005-6"]
[Site "Hungary HUN"]
[Date "2005.11.13"]
[Round "3"]
[White "Lorincz,I"]
[Black "Nagy,Ervin1"]
[Result "1-0"]
[WhiteElo "2348"]
[BlackElo "2304"]

1.d4 Nf6 2.Bg5 e6 3.Nd2 h6 4.Bh4 c5 5.e3 cxd4 6.exd4 Nc6 7.Ngf3 Be7 8.c3 b6
9.Bxf6 Bxf6 10.Ne4 d5  1-0

[Event "TCh-HUN 2005-6"]
[Site "Hungary HUN"]
[Date "2005.11.13"]
[Round "3"]
[White "Hoang Thanh Trang"]
[Black "Fogarasi,T"]
[Result "1/2-1/2"]
[WhiteElo "2471"]
[BlackElo "2482"]

1.d4 Nf6 2.Bg5 e6 3.Nd2 c5 4.Ne4 Qa5+ 5.Bd2 Qb6 6.Nxf6+ gxf6 7.Bc3 cxd4 8.Bxd4 Bc5
9.Nf3 Nc6 10.Bxc5 Qxc5 11.Qd2 d5 12.O-O-O h5 13.e3 Qa5 14.Qxa5 Nxa5 15.Bb5+ Ke7
16.Rhe1 a6 17.Bd3 f5 18.h4 Bd7 19.Kb1 Rac8 20.g3 Rc7 21.c3 f6 22.Nd4 Nc4
23.Bxc4 Rxc4 24.Ne2 Be8 25.Rd4 Bf7 26.b3 Rc5 27.Kb2 e5 28.Rd2  1/2-1/2

[Event "WJun"]
[Site "Instanbul TUR"]
[Date "2005.11.13"]
[Round "5"]
[White "Grecescu,G"]
[Black "Laval,B"]
[Result "1-0"]
[WhiteElo "2380"]
[BlackElo "2214"]

1.d4 Nf6 2.Bg5 e6 3.e4 h6 4.Bxf6 Qxf6 5.Qd2 c5 6.c3 b6 7.Nf3 Bb7 8.d5 exd5
9.exd5 g5 10.Na3 g4 11.Qe2+ Kd8 12.Nd2 Bxd5 13.O-O-O Qe6 14.Qd3 h5 15.Kb1 Bh6
16.Qc2 Re8 17.Bc4 Bxc4 18.Ndxc4 Nc6  1-0

[Event "WJun"]
[Site "Instanbul TUR"]
[Date "2005.11.13"]
[Round "5"]
[White "Zeynalov,F"]
[Black "Citak,S"]
[Result "1-0"]
[WhiteElo "2179"]
[BlackElo "2291"]

1.d4 Nf6 2.Bg5 e6 3.e4 h6 4.Bxf6 Qxf6 5.Nc3 d6 6.Qd2 c6 7.f4 e5 8.dxe5 dxe5
9.f5 Nd7 10.Nf3 Nb6 11.O-O-O Bd7 12.g4 O-O-O 13.a3 g6 14.h4 Qe7 15.Qe3 Re8
16.h5 g5 17.b4 f6 18.Nd2 Kb8 19.Nb3 Bc8 20.Rh2 Bg7 21.Rhd2 Rd8 22.Bd3 Rhe8
23.Na2 Qf7 24.Qe2 Bf8 25.c4 Rd7 26.Nc3 Red8 27.Kc2 Na8 28.c5 Nc7 29.Bc4 Rxd2+
30.Nxd2 Qe8 31.Rb1 a6 32.Nb3 Nb5 33.Bxb5 axb5 34.a4 bxa4 35.Nxa4 Qe7 36.Nb6 Bd7
37.Ra1 Be8 38.Na5 Rd4 39.Nxc6+ bxc6 40.Ra8+ Kc7 41.Qa6  1-0

[Event "WJun Girls"]
[Site "Instanbul TUR"]
[Date "2005.11.14"]
[Round "6"]
[White "Corke,A"]
[Black "Zdebskaja,N"]
[Result "1-0"]
[WhiteElo "2222"]
[BlackElo "2390"]

1.d4 Nf6 2.Bg5 e6 3.e4 c5 4.d5 h6 5.Bxf6 Qxf6 6.Nc3 a6 7.Nf3 e5 8.a4 b6 9.Be2 d6
10.Nd2 Nd7 11.O-O Be7 12.Nc4 g6 13.f4 exf4 14.e5 dxe5 15.Bf3 Rb8 16.d6 Bd8
17.Nd5 Qg5 18.Nc7+ Kf8 19.Qe2 Kg7 20.Bc6 Bf6 21.Nd2 e4 22.Nxe4 Bd4+ 23.Kh1 Qe5
24.Rae1 Be3 25.Rd1 b5 26.a5 Bb7 27.Bxb7 Rxb7 28.Qf3 Rbb8 29.g3 f5 30.Nc3 g5
31.gxf4 gxf4 32.N3d5 Kh7 33.Nxf4 Qxf4 34.Qxf4 Bxf4 35.Rxf4 Rhf8 36.Re1 Kg6
37.Re7 Nf6 38.Ne6 Rf7 39.Rxf7 Kxf7 40.Nxc5 Rd8 41.Rd4 Ne4 42.Nxe4 fxe4 43.d7 Ke6
44.Rxe4+ Kd5 45.Re3 Kc6 46.Rd3 Kc7 47.h4 h5 48.Kh2 Kb7 49.Kg3 Kc7 50.Kf4 Rf8+
51.Kg5 Rg8+ 52.Kxh5 Kd8 53.Rd2 Rh8+ 54.Kg5 Rg8+ 55.Kf4 Rf8+ 56.Kg3 Rg8+ 57.Kh3 Rh8
58.Rd5  1-0

[Event "WJun"]
[Site "Instanbul TUR"]
[Date "2005.11.17"]
[Round "8"]
[White "Terrieux,K"]
[Black "Moradiabadi,E"]
[Result "1-0"]
[WhiteElo "2365"]
[BlackElo "2497"]

1.d4 Nf6 2.Bg5 e6 3.c3 c5 4.Nf3 Be7 5.Nbd2 d5 6.e3 Nbd7 7.Bd3 b6 8.h3 Bb7
9.O-O Qc7 10.Bf4 Bd6 11.Bxd6 Qxd6 12.Qb1 O-O 13.b4 Rab8 14.Ng5 h6 15.Nh7 Nxh7
16.Bxh7+ Kh8 17.Bd3 e5 18.Qb2 e4 19.Be2 f5 20.f4 exf3 21.Rxf3 cxd4 22.cxd4 Rbe8
23.Bb5 Re7 24.a3 Nf6 25.Rxf5 Rxe3 26.Re5 Rg3 27.Rf1 a6 28.Ba4 Bc8 29.Rf3 Rxf3
30.Nxf3 Ne4 31.Bb3 Qg6 32.Bxd5 Ng3 33.Qf2 Rd8 34.Ng5 hxg5 35.Qxg3 Bf5 36.Qf3 Bc8
37.Qe3 g4 38.Qe1 gxh3 39.Qg3  1-0

[Event "Open"]
[Site "Lugano SUI"]
[Date "2005.11.19"]
[Round "3"]
[White "Brovelli,C"]
[Black "Vignoli,M"]
[Result "1/2-1/2"]
[WhiteElo "2148"]
[BlackElo "1956"]

1.d4 Nf6 2.Bg5 e6 3.e4 Be7 4.Nd2 d5 5.e5 Nfd7 6.Bxe7 Qxe7 7.c3 c5 8.Ngf3 b6
9.Bb5 Ba6 10.a4 Bxb5 11.axb5 O-O 12.O-O c4 13.b4 cxb3 14.Qxb3 a5 15.c4 dxc4
16.Qxc4 Ra7 17.Ne4 Rd8 18.Nd6 Nf8 19.Rfc1 Rxd6 20.exd6 Qxd6 21.Ne5 Nbd7 22.Nc6 Ra8
23.Re1 Nf6 24.Qc3 Nd5 25.Qa3 Qxa3 26.Rxa3 Nd7 27.Rc1 N7f6 28.Ne5 Kf8 29.Rc6 Ke7
30.Nc4 Rb8 31.g4 Ne4 32.Ne3 Nd6 33.Rb3 Kd7 34.Nc4  1/2-1/2

[Event "WJun Girls"]
[Site "Instanbul TUR"]
[Date "2005.11.21"]
[Round "12"]
[White "Corke,A"]
[Black "Melia,S"]
[Result "0-1"]
[WhiteElo "2222"]
[BlackElo "2318"]

1.d4 Nf6 2.Bg5 e6 3.e4 h6 4.Bxf6 Qxf6 5.c3 d6 6.Nd2 g6 7.Bd3 Bg7 8.Ne2 e5
9.O-O O-O 10.f4 Qe7 11.Nf3 c5 12.Kh1 Nc6 13.fxe5 dxe5 14.d5 Nd8 15.a4 f5
16.Nd2 f4 17.Nc4 Nf7 18.Qd2 g5 19.b4 Kh8 20.Bc2 Rd8 21.Nc1 g4 22.g3 f3 23.Nd3 cxb4
24.cxb4 h5 25.Rad1 h4 26.gxh4 Qxh4 27.Qf2 Qh5 28.Qg3 Bf6 29.h3 Rg8 30.Rd2 Bh4
31.hxg4 Rxg4 32.Qxf3 Bf2+  0-1

[Event "18th Belgrade Trophy"]
[Site "Obrenovac SCG"]
[Date "2005.11.29"]
[Round "8"]
[White "Irizanin,R"]
[Black "Knezevic,Ml"]
[Result "1/2-1/2"]
[WhiteElo "2269"]
[BlackElo "2158"]

1.d4 Nf6 2.Bg5 e6 3.e3 b6 4.Nf3 Bb7 5.Bd3 Be7 6.Nbd2 d5 7.c3 Nbd7 8.Qc2 h6
9.Bf4 c5 10.O-O O-O 11.h3 Re8 12.Rfe1 Rc8 13.a4 a6 14.Qb1 Nf8 15.Ne5 N6d7
16.Qd1 Nxe5 17.dxe5 d4 18.exd4 cxd4 19.c4 Bg5 20.Bxg5 Qxg5 21.Nf3 Bxf3 22.Qxf3 Ng6
23.Qg4 Nf4 24.Bf1 d3 25.Re4 Qxg4 26.hxg4 g5 27.g3 Ng6 28.Bxd3 Red8 29.Ra3 Nf8
30.c5 Rxc5 31.Bxa6 Rd2 32.b4 Rcc2 33.Rf3 Ng6 34.Bd3 Rc1+ 35.Kg2 Ne7 36.Rd4 Rdd1
37.Bh7+ Kg7 38.Rxd1 Rxd1 39.Bc2 Rc1 40.Rc3 Nd5 41.Rc4 Nxb4 42.Rxb4 Rxc2 43.Rxb6 Rc4
44.Ra6 Rxg4 45.Kf3 h5 46.a5 Ra4 47.Ra8 Kg6 48.a6 Kf5 49.Rf8 Kxe5  1/2-1/2

[Event "FSGMA December"]
[Site "Budapest HUN"]
[Date "2005.12.03"]
[Round "1"]
[White "Hoang Thanh Trang"]
[Black "Turov,M"]
[Result "1/2-1/2"]
[WhiteElo "2471"]
[BlackElo "2546"]

1.d4 Nf6 2.Bg5 e6 3.Nd2 h6 4.Bh4 c5 5.dxc5 Bxc5 6.e4 Nc6 7.Ngf3 g5 8.Bg3 Nh5
9.Nb3 Nxg3 10.hxg3 Bb6 11.Qd2 Qf6 12.O-O-O a6 13.Kb1 d6 14.Bc4 Bc7 15.Rhe1 g4
16.Nfd4 Nxd4 17.Nxd4 Bd7 18.e5 dxe5 19.Nb5 O-O-O 20.Nxc7 Kxc7 21.Qd6+ Kc8
22.Bxa6 Ba4 23.Bxb7+ Kxb7 24.Qb4+ Kc7 25.Qa5+ Kb7 26.Qxa4 Qxf2 27.Qe4+ Kb6
28.a4 Qc5 29.Qxg4 Rd4 30.Qg7 Rc8 31.c3 Rb4 32.a5+ Ka6 33.Qxe5 Qxe5 34.Rxe5 Rxc3
35.Rd6+ Kb7 36.Rd7+ Rc7 37.Rxc7+ Kxc7 38.Kc2 Rg4 39.Re3 Ra4 40.Rc3+ Kd6 41.Rd3+ Kc6
42.Rc3+ Kd6 43.Rd3+  1/2-1/2

[Event "IX Mirko Srajber mem"]
[Site "Subotica SCG"]
[Date "2005.12.05"]
[Round "5"]
[White "Popovic,Du"]
[Black "Milanovic,Da"]
[Result "1/2-1/2"]
[WhiteElo "2480"]
[BlackElo "2464"]

1.d4 Nf6 2.Bg5 e6 3.e3 c5 4.c3 d5 5.Bxf6 Qxf6 6.f4 Bd6 7.Nf3 Nd7 8.Bd3 Qe7
9.O-O O-O 10.Nbd2 f5 11.Ne5 Nf6 12.Ndf3 Bd7 13.Qe1 Be8 14.h3 c4 15.Bc2 b5
16.a3 Rb8 17.g4 Ne4 18.gxf5 exf5 19.Kh2 Rb7 20.Rg1 Rf6 21.Ng5 Rh6 22.Rg2 a5
23.Nxe4 fxe4 24.Bd1 Qf8 25.Bg4 Be7 26.Qe2 Rc7 27.Rag1 Kh8 28.Qf1 Ra6 29.Qd1 Rh6
30.Qf1 Ra6 31.Be2 Bd8 32.Qe1 Rh6 33.Bg4 Ra6 34.Qd1 Rh6 35.Rf1 Be7 36.Qe1 Bh4
37.Qe2 Be7 38.Rfg1 Bd8 39.Qd1 Be7 40.Be2 Bd8 41.Qf1 Ra6 42.Rg3 Rh6 43.Rg5 Rd6
44.Qg2 Bxg5 45.fxg5 Qe7 46.Rf1 Kg8 47.Qg3 Rc8 48.h4 Rcd8 49.Bg4 b4 50.axb4 axb4
51.Rf2 Rb6 52.Bd1 Rdb8 53.Ng4 Qd6 54.Ne5 bxc3 55.bxc3 Rb2 56.h5 Rxf2+ 57.Qxf2 Qf8
58.Qg2 Kh8 59.Bg4 Rb1 60.Be6 Bxh5 61.Bxd5 Re1 62.Qg3 Re2+ 63.Kg1 Rc2 64.g6 Rc1+
65.Kh2 Rc2+ 66.Kg1 Rc1+ 67.Kh2 Rc2+ 68.Kg1 Rc1+ 69.Kh2  1/2-1/2

[Event "FSGMA December"]
[Site "Budapest HUN"]
[Date "2005.12.06"]
[Round "4"]
[White "Turov,M"]
[Black "Porat,S"]
[Result "1/2-1/2"]
[WhiteElo "2546"]
[BlackElo "2444"]

1.d4 Nf6 2.Bg5 e6 3.e4 c5 4.d5 h6 5.Bxf6 Qxf6 6.Nc3 d6 7.Nf3 e5 8.Bb5+ Nd7
9.O-O Be7 10.Nd2 O-O 11.a4 a6 12.Bd3 b6 13.Nc4 Bd8 14.g3 Bc7 15.f4 exf4 16.gxf4 Qd4+
17.Rf2 f5 18.Ne2 Qf6 19.Ng3 fxe4 20.Bxe4 Qf7 21.Qd3 Nf6 22.Bg6 Qxd5 23.Qxd5+ Nxd5
24.Be4 Bb7 25.Rd1 b5 26.Bxd5+ Bxd5 27.Rxd5 bxc4 28.Nf5 Kh7 29.Ne3 c3 30.b3 Rae8
31.Rd3 Bd8 32.Rxc3 Bf6 33.Rd3 Bd4 34.Rf3 Rxf4 35.Rxf4 Bxe3+ 36.Rf2 Bxf2+
37.Kxf2 Re6 38.c3 Kg6 39.b4 Kf7 40.bxc5 dxc5 41.Rd7+ Kf6 42.Rc7 Re4 43.Rc6+ Kf7
44.Rxa6 Rc4 45.Rc6 Rxc3 46.a5 c4 47.a6 Ra3 48.Rxc4 Rxa6 49.Kf3 g5 50.h4  1/2-1/2

[Event "IX Mirko Srajber mem"]
[Site "Subotica SCG"]
[Date "2005.12.09"]
[Round "10"]
[White "Cebalo,M"]
[Black "Bogosavljevic,B"]
[Result "1/2-1/2"]
[WhiteElo "2512"]
[BlackElo "2325"]

1.d4 Nf6 2.Bg5 e6 3.e4 h6 4.Bxf6 Qxf6 5.Nc3 d6 6.Qd2 Qd8 7.O-O-O Be7 8.f4 O-O
9.Nf3 Nd7 10.g4 c5 11.h4 cxd4 12.Nxd4 Bxh4 13.Ndb5 Be7 14.Nxd6 Ne5 15.g5 Bxd6
16.Qxd6 Qxd6 17.Rxd6 Ng6 18.gxh6 Nxf4 19.hxg7 Kxg7 20.e5 Ng6 21.Rg1 Rh8 22.Bd3 Rh5
23.Ne2 Rxe5 24.Nf4 Kf6 25.Nxg6 fxg6 26.Rxg6+ Ke7 27.Rd4 Rd5 28.Rxd5 exd5
29.Rg8 Kd7 30.Kd2 Kc7 31.Kc3 Rb8 32.Kd4 Bd7 33.Rg7 Kd6 34.Rg6+ Kc7 35.Kxd5 Bc6+
36.Kc5 b6+ 37.Kc4 a5 38.b3 Rf8 39.a4 Rf4+ 40.Kc3 Rh4 41.Bb5 Bxb5 42.axb5 Rh5
43.Rc6+ Kb7 44.Kc4 Rh4+ 45.Kd3 Rb4  1/2-1/2

[Event "12th Open"]
[Site "Zadar CRO"]
[Date "2005.12.16"]
[Round "7"]
[White "Doric,D"]
[Black "Nikolov,M"]
[Result "1/2-1/2"]
[WhiteElo "2402"]
[BlackElo "2435"]

1.d4 Nf6 2.Bg5 e6 3.e4 h6 4.Bxf6 Qxf6 5.c3 d6 6.Bd3 e5 7.Ne2 g6 8.O-O Bg7
9.f4 Qe7 10.f5 O-O 11.fxg6 fxg6 12.Rxf8+ Qxf8 13.Qb3+ Kh7 14.Na3 Qe7 15.Rf1 Bf6
16.Nc4 Nd7 17.Ne3 c6 18.Kh1 Nf8 19.Qc2 h5 20.a4 Kg7  1/2-1/2

[Event "5th Amplico AIG Life"]
[Site "Warsaw POL"]
[Date "2005.12.17"]
[Round "5"]
[White "Kaunas,K"]
[Black "Likavsky,T"]
[Result "0-1"]
[WhiteElo "2318"]
[BlackElo "2514"]

1.d4 Nf6 2.Bg5 e6 3.e4 h6 4.Bxf6 Qxf6 5.Nc3 d6 6.Nf3 g5 7.e5 Qd8 8.Ne4 Bg7
9.Bb5+ Bd7 10.Bxd7+ Qxd7 11.exd6 cxd6 12.O-O O-O 13.c3 Na6 14.h4 g4 15.Nh2 f5
16.Ng3 Bf6 17.d5 e5 18.Qd2 Kh7 19.Qc2 e4 20.h5 Nc5 21.Kh1 Rae8 22.f3 Bh4
23.fxe4  0-1

[Event "5th Amplico AIG Life"]
[Site "Warsaw POL"]
[Date "2005.12.18"]
[Round "10"]
[White "Szymanski,M"]
[Black "Zhigalko,A"]
[Result "1-0"]
[WhiteElo "2434"]
[BlackElo "2537"]

1.d4 Nf6 2.Bg5 e6 3.e4 h6 4.Bxf6 Qxf6 5.Nc3 d6 6.Qd2 c6 7.Nf3 Nd7 8.Be2 Be7
9.O-O-O e5 10.Kb1 a6 11.d5 c5 12.g3 b5 13.Nh4 Nb6 14.Rde1 Bh3 15.f4 b4 16.Nd1 exf4
17.e5 dxe5 18.Nf2 fxg3 19.hxg3 Bf5 20.d6 Rd8 21.Nxf5 Qxf5 22.Bg4 Qg6 23.Rxe5 Qxd6
24.Qxd6 Rxd6 25.Rhe1 Nd5 26.Bf3 O-O 27.Rxd5 Rfd8 28.Rxd6 Bxd6 29.Rd1 f5 30.Rd5 g5
31.Nd3 g4 32.Bg2 Kg7 33.b3 Kf6 34.Nxc5 Ke7  1-0

[Event "Xstrata ch-AUS 2006"]
[Site "Brisbane AUS"]
[Date "2005.12.30"]
[Round "3"]
[White "Humphrey,J"]
[Black "Moylan,L"]
[Result "0-1"]
[WhiteElo "2254"]
[BlackElo "2112"]

1.d4 Nf6 2.Bg5 e6 3.Nd2 h6 4.Bh4 c5 5.e3 Nc6 6.c3 d5 7.Ngf3 cxd4 8.exd4 Be7
9.Bd3 O-O 10.O-O b6 11.Re1 Bb7 12.a4 Rc8 13.Nb3 Ne8 14.Bg3 Nd6 15.Qe2 Nc4
16.h4 Bd6 17.Ne5 N4xe5 18.dxe5 Bb8 19.Nd2 f5 20.exf6 Rxf6 21.Nf3 Bxg3 22.fxg3 Qc7
23.g4 e5 24.g5 Rff8 25.gxh6 e4 26.Ng5 Ne5 27.h7+ Kh8 28.Bc2 Ba6 29.Qh5 g6
30.Qd1 Qc5+ 31.Qd4 Qxd4+ 32.cxd4 Rxc2  0-1

[Event "Xstrata ch-AUS 2006"]
[Site "Brisbane AUS"]
[Date "2006.01.03"]
[Round "6"]
[White "Smirnov,Vl1"]
[Black "Moylan,L"]
[Result "1-0"]
[WhiteElo "2235"]
[BlackElo "2112"]

1.d4 Nf6 2.Bg5 e6 3.e4 c5 4.d5 d6 5.Nc3 Be7 6.Nf3 O-O 7.dxe6 fxe6 8.Bc4 h6
9.Bh4 Nc6 10.O-O a6 11.a4 Na5 12.Be2 g5 13.Bg3 d5 14.exd5 exd5 15.Qd3 Ne4
16.Qxd5+ Qxd5 17.Nxd5 Nxg3 18.Nxe7+ Kf7 19.hxg3 Kxe7 20.Rfe1 Kf6 21.Rad1 Re8
22.Rd6+ Re6 23.Rd8 Nc6 24.Rg8 Kf7 25.Bc4 Kxg8 26.Bxe6+ Bxe6 27.Rxe6 Kg7 28.Ne5 Nd4
29.Rg6+ Kh7 30.Rb6 Nxc2 31.Rxb7+ Kg8 32.Nf7 Kg7 33.Nxg5+ Kg6 34.Ne4 Rd8 35.Rb6+ Kg7
36.Rxa6 Rd1+ 37.Kh2 Re1 38.Nxc5 Re2 39.Ne6+ Kh7 40.f4 Ne3 41.Kh3 Re1 42.g4 Nf1
43.g5 Re3+ 44.Kh4 Re2 45.g6+  1-0

[Event "Open"]
[Site "Verona ITA"]
[Date "2006.01.03"]
[Round "2"]
[White "Vianello,E"]
[Black "Danieli,E"]
[Result "1-0"]
[WhiteElo "2086"]
[BlackElo "2163"]

1.d4 Nf6 2.Bg5 e6 3.Nd2 Be7 4.e3 d6 5.f4 Nbd7 6.Ngf3 O-O 7.Bd3 Nd5 8.Nf1 h6
9.Bxe7 Qxe7 10.c4 Nb4 11.Be2 e5 12.Qb3 a5 13.a3 Na6 14.Ng3 Re8 15.O-O exd4
16.exd4 Qe3+ 17.Qxe3 Rxe3 18.Kf2 Re8 19.Bd3 Nf6 20.h3 Bd7 21.Rfe1 Kf8 22.Nf1 Nh5
23.g3 Bxh3 24.Ne3 Nf6 25.f5 Ne4+ 26.Kg1 Nf6 27.Kf2 Nb8 28.Rh1 Bg4 29.Nh2 Bh3
30.Nf3 Bg4 31.Nh2 Bh3 32.g4 Nc6 33.Rae1 h5 34.gxh5 Nxd4 35.Nf3 Rxe3 36.Kxe3 Nxf5+
37.Kd2 Bg4 38.Nh2 Nh6 39.Nxg4 Nfxg4 40.Rh4 Ne5 41.Rf4 Re8 42.Rg1 Ng8 43.Kc3 Nf6
44.h6 Nh5 45.h7 Ke7 46.Rh4  1-0

[Event "12th Open A"]
[Site "Bosnjaci CRO"]
[Date "2006.01.05"]
[Round "4"]
[White "Vasic,B"]
[Black "Sulc,D"]
[Result "0-1"]
[WhiteElo "2223"]
[BlackElo "2316"]

1.d4 Nf6 2.Bg5 e6 3.e4 h6 4.Bxf6 Qxf6 5.Nc3 d6 6.Nf3 Nd7 7.Qd2 c6 8.O-O-O e5
9.Ne2 g6 10.h4 h5 11.Ng5 Bg7 12.Rh3 O-O 13.d5 Qxf2 14.dxc6 bxc6 15.Qxd6 Nf6
16.Rg3 Bg4 17.Nh3 Bxh3 18.Rxh3 Nxe4 19.Rf3 Qxh4 20.Rh3 Qg5+  0-1

[Event "12th Open A"]
[Site "Bosnjaci CRO"]
[Date "2006.01.06"]
[Round "6"]
[White "Doric,D"]
[Black "Ascic,P"]
[Result "1-0"]
[WhiteElo "2402"]
[BlackElo "2348"]

1.d4 Nf6 2.Bg5 e6 3.e4 c5 4.e5 h6 5.Bc1 Nd5 6.c4 Nb6 7.dxc5 Bxc5 8.Qg4 g6
9.Nc3 Nc6 10.Nf3 d6 11.exd6 Qxd6 12.Be2 Nd4 13.Nxd4 Qxd4 14.Qf3 Qg7 15.O-O a6
16.Rd1 Nd7 17.Ne4 Be7 18.Nd6+ Bxd6 19.Rxd6 O-O 20.Bd2 Re8 21.Bc3 e5 22.Rad1 Nf8
23.Qd5 h5 24.f4 Bf5 25.Bxe5 Qh6 26.Bd3 Bg4 27.Rf1 Rac8 28.Qxb7 Ne6 29.b4 a5
30.h3 Bf5 31.Bxf5 gxf5 32.bxa5 Qg6 33.a6 Qg3 34.Qb3 Qh4 35.a7 Qe7 36.Qg3+ Kh7
37.Qd3 Qxa7+ 38.Kh2 Kg6 39.Rd7 Qa8 40.Qg3+ Kh6 41.Rxf7 Rg8 42.Rf6+ Kh7 43.Qf3 Qxf3
44.Rxf3 Ng7 45.Rf7 h4 46.c5 Rxc5 47.Rc3 Rxe5 48.fxe5 Kg6 49.Rf6+ Kg5 50.Rf3 Re8
51.Rf7 Kg6 52.Rxg7+ Kxg7 53.Rxf5 Kg6 54.Rf4 Kg5 55.Re4 Re6 56.a4 Kh5 57.a5 Kg5
58.Kg1  1-0

[Event "14th Bieze"]
[Site "Arnhem NED"]
[Date "2006.01.07"]
[Round "6"]
[White "Polaczek,R"]
[Black "Dahlmann,D"]
[Result "1-0"]
[WhiteElo "2431"]
[BlackElo "2268"]

1.d4 Nf6 2.Bg5 e6 3.e4 h6 4.Bxf6 Qxf6 5.c3 d6 6.Bd3 Nc6 7.Ne2 g6 8.O-O Bg7
9.f4 O-O 10.Nd2 Qe7 11.e5 d5 12.Nf3 Bd7 13.b4 b6 14.Qc2 Qe8 15.g4 Ne7 16.Ng3 c5
17.Qe2 cxb4 18.cxb4 a5 19.b5 Rc8 20.Rac1 a4 21.Kh1 Kh8 22.f5 exf5 23.gxf5 Nxf5
24.Bxf5 Bxf5 25.Nxf5 gxf5 26.Rxc8 Qxc8 27.Nh4 Qc3 28.Nxf5 Rg8 29.Nd6 Rf8
30.Qg2 Qd3 31.Rg1 Rg8 32.Qxd5 a3 33.Nxf7+ Kh7 34.Nd6 Rd8 35.Qf7 Rg8 36.Qf5+ Qxf5
37.Nxf5 Rc8  1-0

[Event "12th Open A"]
[Site "Bosnjaci CRO"]
[Date "2006.01.07"]
[Round "8"]
[White "Vasic,B"]
[Black "Rukavina,Dar"]
[Result "0-1"]
[WhiteElo "2223"]
[BlackElo "2225"]

1.d4 Nf6 2.Bg5 e6 3.e4 h6 4.Bxf6 Qxf6 5.Nc3 d6 6.Nf3 a6 7.Qd2 g5 8.O-O-O g4
9.Ng1 h5 10.Kb1 Bh6 11.Qe1 Nc6 12.Nce2 Bd7 13.h3 O-O-O 14.hxg4 hxg4 15.d5 Bg7
16.Nc3 Rxh1 17.dxc6 Bxc6 18.Nge2 Qg5 19.Nd4 Bxd4 20.Rxd4 Qe5 21.Rc4 Bb5 22.Nxb5 axb5  0-1

[Event "10th Open"]
[Site "Bad Zwesten GER"]
[Date "2006.01.08"]
[Round "9"]
[White "Rubel,J"]
[Black "Schulze,U"]
[Result "1/2-1/2"]
[WhiteElo "2103"]
[BlackElo "2322"]

1.d4 Nf6 2.Bg5 e6 3.e3 c5 4.c3 cxd4 5.exd4 Be7 6.Bd3 b6 7.Qe2 Bb7 8.Nf3 d6
9.Bxf6 Bxf6 10.Nbd2 Nd7 11.h4 h6 12.O-O-O  1/2-1/2

[Event "TCh-FIN 2005-6"]
[Site "Tampere FIN"]
[Date "2006.01.14"]
[Round "6"]
[White "Kanep,M"]
[Black "Rantanen,Y"]
[Result "1/2-1/2"]
[WhiteElo "2516"]
[BlackElo "2346"]

1.d4 Nf6 2.Bg5 e6 3.e4 h6 4.Bxf6 Qxf6 5.c3 d5 6.e5 Qd8 7.Nf3 c5 8.dxc5 Bxc5
9.Bd3 Nc6 10.O-O Bd7 11.b4 Bb6 12.Nbd2 Rc8 13.Qe2 a6 14.a3 O-O 15.Rad1 f6
16.exf6 Qxf6 17.c4 Rce8 18.Bb1 Qc3 19.Bg6 Re7 20.c5 Bc7 21.Nb1 Qf6 22.Bc2 g5
23.Ne1 Nd4 24.Qd2 Qe5 25.g3 Ne2+ 26.Kh1 Ref7 27.f3 Nxg3+ 28.hxg3 Qxg3 29.Qg2 Qh4+
30.Kg1 Qh5 31.Kf2 g4 32.Rg1 Qh4+ 33.Ke2 h5 34.Rd2  1/2-1/2